| 000 | 00551 a2200169 4500 | ||
|---|---|---|---|
| 003 | Nust | ||
| 005 | 20230228132851.0 | ||
| 040 | _cNust | ||
| 082 | _a297,YOU | ||
| 100 |
_aYousaf, Salahudin _9109634 |
||
| 245 |
_aLibas Aur Parda / _cHafiz Salahudin Yousaf |
||
| 260 |
_aLahore _bDaruslam |
||
| 300 | _a154;p | ||
| 505 | _aLibas k amumi ahkam o masail (Page-28), Ortoon ka libas (Page-99), Parda (Page-115), Chery k pardy ka wajub (Page-119), Aryan chery k nuqsanat (Page-137). | ||
| 650 |
_aIslam and Pardah _9109635 |
||
| 942 |
_2ddc _cBK _k297,YOU |
||
| 999 |
_c187905 _d187905 |
||